| 000 | 00876nam a2200229 i 4500 | ||
|---|---|---|---|
| 001 | 88044 | ||
| 003 | ES-MaACL | ||
| 005 | 20250720063048.0 | ||
| 007 | t| | ||
| 008 | 050103s1907 sp ||||1| spa d | ||
| 100 | 1 |
_aLabra, Rafael M. de, _d1840-1918 _eaut _969273 |
|
| 245 | 1 | 3 |
_aEl Instituto de Derecho Internacional : _bdiscurso pronunciado en el Fomento de Las Artes de Madrid [en 1889] / _cpor Rafael M. de Labra. |
| 260 |
_aMadrid : _b[s.n., _c1907] _f(Tip. de Alfredo Alonso) |
||
| 300 |
_aXV, 94 páginas ; _c21 cm. |
||
| 610 | 2 | 4 |
_aInstituto de Derecho Internacional. _9148253 |
| 852 |
_aES-MaACL _cSPP2 _jF-8500 |
||
| 852 |
_aES-MaACL _cDEPO2 _hDonativo Roda _jL-4906(13-1) |
||
| 852 |
_aES-MaACL _cDEPOF _hLegado Manuel de la Fuente y Mondéjar _jFol-Laf-222 |
||
| 942 |
_2udc _cMONOGRAFIA _n0 |
||
| 999 |
_c88044 _d88044 |
||